Química 3º - 4º Medio: guía didáctica del docente

Saved in:
Bibliografiske detaljer
Hovedforfatter: Cabello Bravo, María Isabel (Author)
Format: Bog
Sprog:spansk
Udgivet: Santiago Ediciones Cal y Canto 2017
Udgivelse:1a. ed
Fag:
Tags: Tilføj Tag
Ingen Tags, Vær først til at tagge denne postø!

MARC

LEADER 00000cam a2200000 a 4500
001 UCD9753
003 CL-VaPUC
008 170709e20170000cl |||||||||||||||||spa|d
020 |a 9789563392005 
082 0 4 |a 540.712  |b CAB  |2 21 
100 0 |a Cabello Bravo, María Isabel  |e author  |9 593387 
245 1 0 |a Química 3º - 4º Medio: guía didáctica del docente 
250 |a 1a. ed 
300 |a 231 p 
942 |c BK 
945 |d 20170709 17:01:00  |a dcastane 
260 |a Santiago  |b Ediciones Cal y Canto  |c 2017 
650 0 |a Enseñanza de la química  |9 339845 
650 0 |a Métodos de enseñanza  |9 270413 
650 0 |a Libros de texto  |9 270019 
583 |a last modification  |c 20170709 17:01:00  |k Rodrigo Vera 
999 |c 368772  |d 368770 
952 |0 0  |1 0  |3 erb  |4 0  |6 540_712000000000000_CAB_2017  |7 0  |8 A  |9 484211  |a BIBEDU  |b BIBEDU  |i 5404800  |o 540.712 CAB 2017  |p 5404800  |r 2019-11-24  |w 2019-11-24  |y BK  |z Catalogado en:20170709  |k EPE